Statistics for Lover - Taylor Swift (All Lyrics)

Click here to take the quiz!

General Stats

  • This quiz has been taken 50 times
  • The average score is 226 of 258

Answer Stats

Lyrics% Correct
I
100%
a
98%
the
98%
and
95%
And
95%
be
95%
lover
95%
my,
95%
my
95%
My
95%
we
95%
We
95%
you,
95%
you
95%
your
95%
for
93%
take
93%
Take
93%
you're
93%
You're
93%
can
90%
Can
90%
ever,
90%
ever)
90%
home
90%
is
90%
January
90%
lights
90%
me
90%
our
90%
out
90%
This
90%
this
90%
'til
90%
up
90%
where
90%
will
90%
Christmas
88%
could
88%
Forever
88%
(Forever
88%
gentlemen,
88%
go?
88%
go
88%
Ladies
88%
make
88%
man
88%
of
88%
on
88%
to
88%
with
88%
With
88%
all
85%
always
85%
every
85%
in
85%
leave
85%
please
85%
rules
85%
stand?
85%
who
85%
at
83%
close?
83%
force
83%
Have
83%
living
83%
magnetic
83%
now,
83%
or
83%
place,
83%
that
83%
but
80%
end
80%
guitar
80%
hand
80%
I'll
80%
I've
80%
loved
80%
room
80%
string
80%
there's
80%
want
80%
been
78%
crash
78%
dazzling
78%
friends
78%
heart's
78%
I'm
78%
let
78%
Oh,
78%
save
78%
sees
78%
summers
78%
three
78%
way
78%
you'll
78%
about
75%
All's
75%
call
75%
ends
75%
everyone
75%
honey,
75%
known
75%
seat,
75%
seconds
75%
Swear
75%
table,
75%
true
75%
twenty
75%
wants
75%
well
75%
years?
75%
yours
75%
ah
73%
blue
73%
dear
73%
dirtiest
73%
'em
73%
has
73%
highly
73%
jokes
73%
mysterious
73%
scar
73%
suspicious
73%
haze,
70%
overdramatic
70%
borrowed
65%
Darling,
60%

Score Distribution

Percentile by Number Answered

Percent of People with Each Score

Your Score History

You have not taken this quiz